000 00809cam a2200241 4500
001 WB3624-14
008 000000n2000 000 0 eng u
035 _a(Sirsi) u106604
245 4 _aThe only way may not be up
260 _c2000
490 _aFinancial Times
_v 16 June 2000, 28(1)
520 _aAnalysis of the conflicts caused by lease reform in the context of fashion retailer Arcadia's decision to attempt to renegotiate the lease terms on its 1300 stores. Argues that landlords are probably going to resist any changes.
590 _aWB
650 _aLEASE TERMS
650 _aRENT REVIEWS
650 _aPROPERTY MARKET
650 _aRETAILERS
650 _aRETAIL PROPERTY
650 _aCOMMERCIAL LEASES
650 _aREFORM
690 _aLANDLORD AND TENANT-LEASES
942 _n0
999 _c63830
_d63830